Best Friend (Record no. 391)

MARC details
000 -LEADER
fixed length control field 00577nam a2200229 a 4500
020 ## - INTERNATIONAL STANDARD BOOK NUMBER
ISBN
082 00 - DEWEY DECIMAL CLASSIFICATION NUMBER
Classification number 232.9
Author Cutter CLS1
245 ## - TITLE STATEMENT
Title Best Friend
260 ## - PUBLICATION, DISTRIBUTION, ETC. (IMPRINT)
Place of publication Madras
Name of publisher Christian Literature Society
Year of publication 1947
300 ## - PHYSICAL DESCRIPTION
Number of Pages 110p
500 ## - GENERAL NOTE
General note includes index and biblioraphy
505 2# - FORMATTED CONTENTS NOTE
Formatted contents note Bound one Volumes Part 1 & 2
650 ## - SUBJECT ADDED ENTRY--TOPICAL TERM
Topical Term Jesus Christ-Biography
942 ## - ADDED ENTRY ELEMENTS (KOHA)
Koha item type Books
Holdings
Home library Current library Date acquired Cost, normal purchase price Full call number Accession Number Koha item type
Henry Martyn Institute Library Henry Martyn Institute Library 06/18/2007 100.00 232.9 CLS1 4711 Archive Book
                   Copyright © 2026 | Henry Martyn Institute | Hyderabad | TS-500052 | INDIA | Implemented by hmi.edu.in
Hit-Count:

Powered by Koha